000 00705na a2200217 4500
001 16834
003 MIRAKIL
005 20181213154859.0
008 161014b tu 000 0
035 _a16834
040 _aMilas
_btur
_cTR-AnCHP
041 _atur
082 _a915.62262
_bH24 1976
090 _a915.62262 H24 1977
111 _aHaliç Sorunları ve Çözüm Yolları Ulusal Sempozyumu
_cİstanbul
_d1977
245 _aHaliç Sorunları ve Çözüm Yolları Ulusal Sempozyumu Tebliğleri
_b11-13 Şubat 1976
_cBoğaziçi Üniversitesi
260 _aİstanbul
_bBoğaziçi Üniversitesi
_c1977
300 _a587 s.
_c30 sm.
650 _aİstanbul
_xHaliç
_yToplantılar
942 _2ddc
_cBKS
999 _c2501
_d2501